000 00578nam a2200133Ia 4500
008 220216s9999 xx 000 0 und d
100 _aMohanakumar S
245 0 _aCrop shift under agriculture neoliberalism: Impact of the shift to natural rubber cultivation in Tripura
260 _bNational Seminar on Building Competitiveness in a Globalised World: Experience of Indias Plantation Sector, 23-24 January 2012, Centre for Development Studies, Thiruvananthapuram, India, pp.213-231.
650 _aCrop mix
650 _aCrop shift
650 _aMono-crop system
942 _cJS
999 _c56549
_d56549